Anteproyecto arquitectónico del complejo de rehabilitación para personas con discapacidad Hogar Pajarito Azul-Jinotepe
La presente investigación consiste de un plan maestro del complejo de rehabilitación para personas con discapacidad la que está enfocado en brindar a los pobladores del Departamento de Carazo y sus alrededores un espacio adecuado para su rehabilitación donde ofrezcan los servicios de terapia fí...
| Main Authors: | , , |
|---|---|
| Other Authors: | |
| Format: | Tesis Section = Libro |
| Language: | Undetermined Spanish |
| Published: |
Managua
UNI
2022
|
| Subjects: |
| LEADER | 01539nam a2200289Ia 4500 | ||
|---|---|---|---|
| 008 | 240830s9999 xx 000 0 und d | ||
| 040 | |a BIBLIOTECA-RUSB/ Mon 720 O13 | ||
| 041 | |a spa | ||
| 082 | |a Mon 720 O13 | ||
| 100 | 1 | |a Obregón Díaz, Héctor Alberto | |
| 100 | 1 | |b Muños Flores, Juan Daniel | |
| 100 | 1 | |c Pérez Saavedra, Jorge Eduardo | |
| 245 | 1 | 0 | |a Anteproyecto arquitectónico del complejo de rehabilitación para personas con discapacidad Hogar Pajarito Azul-Jinotepe |
| 260 | |a Managua |b UNI |c 2022 | ||
| 300 | |a 199 p. :il. | ||
| 500 | |a Contiene: anexos y CD. | ||
| 502 | |a Tesis (Arquitecto) - UNI, 2022. | ||
| 520 | 3 | |a La presente investigación consiste de un plan maestro del complejo de rehabilitación para personas con discapacidad la que está enfocado en brindar a los pobladores del Departamento de Carazo y sus alrededores un espacio adecuado para su rehabilitación donde ofrezcan los servicios de terapia física, terapia ocupacional, mecanoterapia, terapia de lenguaje y educación especial, así mismo se ha tomado en cuenta la ubicación estratégica de un espacio agro-turístico para promover la interacción social y como herramienta de sostenibilidad. | |
| 650 | 7 | |a ARQUITECTURA-DISEÑOS Y NPLANOS | |
| 650 | 7 | |b PERSOMAS CON DISCAPACIDAD FISICA | |
| 650 | 7 | |c BARRERAS ARQUITECTONICAS | |
| 650 | 7 | |d DISEÑO ARQUITECTONICO | |
| 650 | 7 | |e ESPACIOS ARQUITECTONICOS | |
| 700 | 1 | |a Tutor: |b Quiñones Mimbreño, Martha Nohelia | |
| 942 | |c BK |2 ddc | ||
| 991 | |a TESIS | ||
| 999 | |c 22332 | ||